Регионална библиотека "Любен Каравелов" - Русе

Басни (Запис номер 173592)

MARC детайли
000 -Лидер
Контролно поле с фиксирана дължина 01264nam a2200313 c 4500
003 - Код на организацията, давaща контролен номер
Контролно поле BLK
005 - Дата и час на последна редакция
Контролно поле 20180422114613.0
008 - Елементи от данни с фиксирана дължина
fixed length control field 180411b bul|||||r ||||||| ||bul||
010 ## - Наследен системен номер
LC control number KNG00182006000
020 ## - Международен стандартен номер на книга ISBN
Международен стандартен номер на книга ISBN 954-445-089-0
-- издат.: Христо Ботев
040 ## - Източник на каталожния запис
Идентификатор на билиотеката - собственик на записа BLK
041 ## - Код за език
Код за езика на текст/звукозапис или на отделно заглавие Български
Код за езика КДБФ Български
080 ## - УДК
Текстов определител УДК Руска литература
УДК код - определител по УДК 821.161.1
УДК определител -17
УДК - код + определител 821.161.1-17
100 1# - Редна дума - Автор
Автор Крилов, Иван Андреевич
Авторска отговорност първи автор
R(LIN) 373171
139 ## - Редно поле
Редна дума Крилов, Иван Андреевич
Авторски знак Кре - К 90
245 10 - Сведения за заглавието
Заглавие Басни
Редно поле (дума) Иван Андреевич Крилов; прев. от рус. Христо Радевски.
250 ## - Област на изданието
Сведения за изданието 2. изд.
257 ## - Страна на издаване
Страна на създаване/издаване България
260 ## - Област на издателските данни
-- София
Име на издателя, разпространителя и проч. Христо Ботев
Година на издаване 1993
300 ## - Физическа характеристика
Страници 156 с.
Размери/Мащаб 17 см
380 ## - Жанр
Жанр Худож. лит.
500 ## - Общи забележки
Забележка Прев. е направен от Сочинения в 2 т., Т. 2 / И. А. Крылов. - 1 изд. 1986 на изд. Нар. култура. - Офс. изд. - 5 000 тир.
700 1# - Други автори (авторска отговорност)
Лично име Радевски, Христо
Автороска отговорност (Описва отношението между автора и произведението) прев. от рус.
9 (RLIN) 368393
852 ## - Местоположение
Форматна сигнатура Цб І 26510
856 4# - Електронен адрес и достъп
Електронен формат pdf - файл
Път до файла /url/
856 4# - Електронен адрес и достъп
Електронен формат pdf - файл
Път до файла /url/
942 ## - АРТИКУЛИ
Вид на библиотечния материал Книги
Скрит в OPAC Не
944 ## - СЪЗДАВАНЕ И РЕДАКЦИЯ на ЗАПИСА
Създаване/Редакция Създаване
Дата на регистрацията/редакция 16.09.2015
Служител, извършил регистрацията/редакцията Ирена_Русанова
944 ## - СЪЗДАВАНЕ И РЕДАКЦИЯ на ЗАПИСА
Създаване/Редакция Редакция
Дата на регистрацията/редакция 16.09.2015
Служител, извършил регистрацията/редакцията Ирена_Русанова
999 ## - СИСТЕМНИ КОНТРОЛНИ НОМЕРА
Koha biblionumber 173592
Koha biblioitemnumber 173592
Наличности
Код за отписване Код за изгубен артикул Източник на класификационната схема Код за повреда Коз за рестрикции Код за отдаване Артикулен № Име на библиотеката - собственик Име на библиотеката, в която се намира в момента Статус (Текущо местоположение) Дата на вписване в системата Местоположение - отдел Цена в лева Инвентарен номер Систематично азбучна сигнатура Баркод Номер на екземпляра Цена в евро Служебна бележка Служебен тип на артикула Бележка за публиката
  Не е изгубен Universal Decimal Classification Не е повреден без рестрикции ползва се в читалня 296881 Регионална библиотека "Любен Каравелов" Русе Регионална библиотека "Любен Каравелов" Русе Хранилище 1993-01-01 Хранилище 0.88 584994 Цб І 26510 120000584994 1 0.45 Вид: Сф N: стар фонд Дата: 01.01.1993 Книги  
  Не е изгубен Universal Decimal Classification Не е повреден без рестрикции заемане за дома 296882 Регионална библиотека "Любен Каравелов" Русе Регионална библиотека "Любен Каравелов" Русе Детски отдел 1993-01-01 Детски отдел 0.88 585442 ДХ 820/899/К 90 120000585442 2 0.45 Вид: Сф N: стар фонд Дата: 01.01.1993 Дата инв: 16.09.2015 Бележки инв: Д2015 Книги  
Изтеглен Не е изгубен   Не е повреден без рестрикции заемане за дома 296883 Регионална библиотека "Любен Каравелов" Русе Регионална библиотека "Любен Каравелов" Русе   1993-01-01 Детски отдел 1.00 585444 ДХ 820/899/К 90 585444 3 0.51 Вид: Сф N: стар фонд Дата: 01.01.1993 Дата инв: 16.09.2015 Бележки инв: Д2015 Книги Отч.N: 47/2017 , Дата: 05.10.2017
Изтеглен Не е изгубен Universal Decimal Classification Не е повреден без рестрикции заемане за дома 296884 Регионална библиотека "Любен Каравелов" Русе Регионална библиотека "Любен Каравелов" Русе Детски отдел 1993-01-01 Детски отдел 1.75 585446 ДХ 820/899/К 90 585446 4 0.89 Вид: Сф N: стар фонд Дата: 01.01.1993 Дата инв: 16.09.2015 Бележки инв: Д2015 Книги  
Изтеглен Не е изгубен Universal Decimal Classification Не е повреден без рестрикции заемане за дома 296885 Регионална библиотека "Любен Каравелов" Русе Регионална библиотека "Любен Каравелов" Русе Заемна - подръчен фонд 1993-01-01 Заемна - подръчен фонд 1.75 585439 П 882-1/К 90 585439 5 0.89 Вид: Сф N: стар фонд Дата: 01.01.1993 Книги  
Vip Innovations Ltd, Rousse, Bulgaria 2025